000 01021cam a22002651 4500
001 ne 68000194
003 DLC
005 20260227111836.0
008 900710s1966 ua b 000 0 arar
010 _ane 68000194
025 _aPL480:UAR-8684
035 _a(OCoLC)21985158
040 _aDLC
_cWaU
_dWaU
_dDLC
042 _apremarc
050 0 0 _aBP134.M3
_bI4
100 1 _aʻAmmārī, ʻAlī Muḥammad Ḥasan.
245 1 3 _aal-Qurʼān wa-al-ṭabāʼiʻ al-nafsīyah,
_ctaʼlīf ʻAlī Muḥammad Ḥasan al-ʻImārī.
260 _a[al-Qāhirah]
_c1966.
300 _a244 p.
_c24 cm.
440 1 _aMajlis al-Aʻlá lil-shuʼūn al-Islāmīyah. al-Lajnah al-ʻĀmmah lil-Qurʼān wa-al-Sunnah. al-Kitāb,
_v2
500 _aOn cover: Lajnat al-Qurʼān wa-al-Ḥadīth
504 _aBibliographical footnotes.
650 0 _aTheological anthropology
_xIslam
810 1 _aUnited Arab Republic.
_bal-Majlis al-Aʻlā lil-Shuʼūn al-Islāmīyah.
_bal-Lajnah al-ʻĀmmah lil-Qurʼān wa-al-Sunnah.
_tKitāb ;
_v2.
999 _c49957
_d49957